| 000 | 00554nam a2200205 a 4500 | ||
|---|---|---|---|
| 005 | 20140310183443.0 | ||
| 008 | 080728s19uu xx 00 eng d | ||
| 020 | _a97800071283632 | ||
| 050 |
_aP 90 _b.T78 2008 |
||
| 100 | _aTubbs, Stewart | ||
| 245 |
_aHuman communication : _bprinciples and contexts / |
||
| 250 | _a11th ed. | ||
| 260 |
_aBoston : _bMcGraw-Hill, _c2008. |
||
| 300 |
_a553 p. : _c24 cm. |
||
| 650 | _aMass communication books. | ||
| 650 | _aCommunication. | ||
| 700 | _aMoss, Sylvia | ||
| 942 |
_cBK _2lcc _kFOR |
||
| 999 |
_c23162 _d23162 |
||